1042 1266 1938 1180 1856 1775 1898 1166 1283 1442 1586 1437 1896 1909 1792 1808 1541 1719 1327 1440 1661 1224 1866 1879 1954 1068 1168 1345 1074 1947 1087 1700 1828 1106 1316 1337 1760 1535 1953 1775 1734 1446 1348 1966 1045 1288 1666 1761 1406 1649 1412 1700 1548 1797 1648 1406 1414 1284 1643 1185 1161 1822 1461 1321 1449 1590 1957 1033 1523 1004 1401 1553 1262 1579 1087 1594 1237 1076 1998 1565 1368 1308 1444 1829 1171 1138 1242 1389 1529 1409 1731 1865 1418 1666 1338 1863 1385 1030 1512 BCNSPRNW ULIB Ver.6.0+V

เปลี่ยนเป็นภาษาไทย

Change to English
 แสดงรายละเอียดบรรณานุกรม
  กลับหน้าหลัก

Brief Record : Get Marc (ISO 2709) : E-mail record : QR code < ปิดหน้าต่าง
LEADER : 00000nam 2200000uu 4500
001    13399107960
003     ULIB
008    110211s2553||||th 000 0 tha d
020    9786165070164
060  4 WP145^bส357น 2553
100 0  สฤกพรรณ วิไลลักษณ์
245 00 เนื้อร้ายภัยหญิง/^cสฤกพรรณ วิไลลักษณ์
250    พิมพ์ครั้งที่ 1
260    กรุงเทพฯ:^bหมอชาวบ้าน,^c2553
300    89 หน้า:^bภาพประกอบ
650  7 มะเร็ง
650  7 มะเร็ง^xการรักษา
945    ^p130^l0^i028391
945    ^p130^l0^i028390
995    ทศพร
999 ^a ใช้งานได้ทุกระบบ
รายการนี้ยังไม่มีแท็ก
คุณยังไม่ได้ล็อกอิน คุณสามารถมีกิจกรรมร่วมกับเว็บไซต์ได้ แต่ต้องล็อกอินก่อน ::
  ล็อกอิน

รายการสื่อสารสนเทศ

ลำดับที่ ประเภท เลขเรียก/บาร์โค้ด สถานที่ สถานะ
1. วิทยาศาสตร์การแพทย์ และสุขภาพ
หนังสือสำรอง
สถานะ=หนังสือสำรอง
WP145 ส357น 2553 ฉ.1 
  Barcode: 028390
ห้องสมุดวิทยาเขตสวรรค์ประชารักษ์
►ส่วนจัดเก็บหนังสือเก่า สปร
บนชั้น
  ขอยืม
2. วิทยาศาสตร์การแพทย์ และสุขภาพ
วิทยาศาสตร์การแพทย์ และสุขภาพ
WP145 ส357น 2553 ฉ.2 
  Barcode: 028391
ห้องสมุดวิทยาเขตสวรรค์ประชารักษ์
►ส่วนจัดเก็บหนังสือเก่า สปร
บนชั้น
  ขอยืม

รายการใกล้เคียง
    ผู้แต่ง [สฤกพรรณ วิไลลักษณ์]

    หัวเรื่อง [มะเร็ง]
    หัวเรื่อง [มะเร็ง การรักษา]

BibComment


ยังไม่เคยถูกคอมเมนท์

คอมเมนท์ทรัพยากรรายการนี้
  คอมเมนท์: เนื้อร้ายภัยหญิง ..


 Copyright 2026. Bcnsprnw @Library